Campeones de la Eurocopa - ¡Muerte súbita! - Estadísticas

Estadísticas generales
  • Esta prueba ha sido intentada 3.178 veces
    999 desde el último reinicio
  • La puntuación promedio es 7 de 10
Answers on the Grid
Answers color-coded by a green-red scale on the quiz's grid according to % correct below.
España
Alemania
Italia
Francia
Unión Soviética
Checoslovaquia
Portugal
Países Bajos
Dinamarca
Grecia
Inglaterra
Bélgica
Suecia
Suiza
Turquía
Gales
Polonia
Austria
Hungría
Ucrania
Serbia
Rumania
Escocia
Islandia
Irlanda
Eslovenia
Noruega
Georgia
San Marino
Bulgaria
 
Estadísticas de respuestas
Respuesta % Correcto
España
81%
Portugal
77%
Alemania
76%
Francia
76%
Italia
75%
Grecia
64%
Países Bajos
61%
Unión Soviética
54%
Dinamarca
49%
Checoslovaquia
44%
No se encontraron pruebas coincidentes
Distribución de puntuación
Porcentaje de gente con cada puntuación
Porcentaje por número respondido
Historial de tus puntuaciones
No has intentado esta prueba desde el último reinicio